000 00837nam a22002297a 4500
005 20150730124123.0
008 140714b xxu||||| |||| 00| 0 Urdu d
010 _aUR-9263-64
020 q _c200.00(Set Price)
035 _aU-7818-19
037 _bDBAD/Pub.
040 _aDPL
_bUrdu
082 _a840.08
100 _aمحمو د حسن الہ آ با د ی
245 _aمقا لا ت محمو د :حصہ ا و ل و د و م
_cمحمو د حسن الہ آ با د ی
246 _aMaqalaat-e-Mehmood(Vol.1 and 2)
_bByDr.Mehmood Hasan Alahabadi
260 _aThana
_c2013
_bDr.Mehmood Hasan Alahabadi
270 _aB-104,Patel Nagar,Wanjar Patti Naka, Bhiwandi,
_bDitt.Thana
_e421302
_k09767366183
300 _a276(V.1)234(V.2)ص
_c22Cm (Hb)
490 _vVol.2
942 _2ddc
_cUR
_e
_h 840.08
_mم ح م
999 _c95357
_d95357